000 02216nam0a2200433 4500
001 RU\NLR\BIBL_A\022552019
005 20260320111312.0
021 _aRU
_bКН-П-25-016606
_9КН-П-25-1688
029 1 0 _aRU
_b35089-2024
_cГОСТ
035 _a(NLR Aleph) 022552019
090 _a13638933
_c13638933
100 _a20250528d2025 k y0rusy50 ca
101 0 _arus
102 _aRU
105 _ay l 000|y
181 0 _ai
_baxxe
182 0 _an
200 1 _aМатериалы лакокрасочные
_iЭмали
_eобщие технические условия
_dCoating materials. Enamels. General specifications
_zeng
_eГОСТ 35089-2024
_fРазработан "Союзкраска" (Ассоциация "Союзкраска")
203 _aТекст
_bвизуальный
_cнепосредственный
205 _aИзд. офиц.
210 _aМосква
_cРоссийский институт стандартизации
_d2025
215 _aIV, 13 с.
_d29
225 1 _aМежгосударственный стандарт
_fМежгосударственный совет по стандартизации, метрологии и сертификации
239 _aВвед. 01.02.2025
311 _aИзд. сентябрь 2025г. с Поправкой (2025-80451)
510 1 _aCoating materials
_zeng
510 1 _aEnamels. General specifications
_zeng
517 1 _aГОСТ 35089-2024
606 1 _aЭмали
_jТехнические условия
_91434748
_3RU\NLR\AUTH\66295791
606 1 _aЗащитные покрытия
_jТехнические условия
_9987943
_3RU\NLR\AUTH\6654727
686 _v2000
_2oks
686 1 _aЛ436я863
712 0 2 _4725
_aМежгосударственный совет по стандартизации, метрологии и сертификации
_9321571
_3RU\NLR\AUTH\8823529
712 0 2 _4900
_a"Союзкраска", ассоциация производителей лакокрасочных материалов
_cЯрославль
_92660366
_3RU\NLR\AUTH\880627998
942 _cBOOK
980 _aNB